01741cam a2200325Ia 4500001001900000003000700019005001700026007000700043008004100050040005700091020003100148020002500179035002000204050002300224100002000247245006800267260003500335300004600370500004500416520035000461650003200811700001700843710003300860856009200893856010000985942000701085506015001092506015401242999001901396rookieofyear00straCaSfIA20210119075644.0cr||||930903s1993 nyu j 000 1 eng d aHQBcHQBdOCLdMUSdOCLCQdTBSdBTCTAdBAKERdCaSfIA a0440409101 (pbk.) :c$3.99 a9780440409106 (pbk.) a(OCoLC)28742498 4aPZ7.S899bRoo 19931 aStrasser, Todd.10aRookie of the year /h[electronic resource] cby Todd Strasser. aNew York :bTrump Club,c1993. a84 p., [8] p. of plates :bill. ;c17 cm. aBased upon the screenplay by Sam Harper. aThe Chicago Cubs are having their usual tough season, and so is their biggest fan, 12-year-old Henry Rowengartner. Henry dreams of playing for the Cubs one day, but can't even cut it as equipment manager for his school team. Then he accidentally breaks his arm. When the cast is removed, Henry's got a l00 m.p.h pitch and a Chicago Cubs uniform! 0aBaseballvJuvenile fiction.1 aHarper, Sam.2 aChicago Cubs (Baseball team)41uhttp://www.archive.org/details/rookieofyear00strazFree eBook from the Internet Archive42uhttp://www.openlibrary.org/books/OL7521205MzAdditional information and access via Open Library cEB fНеобхідна авторизація на https://archive.org/ (створення облікового запису безкоштовно) fНеобхідна авторизація на https://openlibrary.org/ (створення облікового запису безкоштовно) c544663d544663